| 000 | 00902nam a2200265Ia 4500 | ||
|---|---|---|---|
| 999 |
_c54248 _d54248 |
||
| 001 | 21304 | ||
| 003 | GE_BSU | ||
| 005 | 20211021173757.0 | ||
| 008 | 181216s2006||||enk|||||||||||||| ||eng|| | ||
| 020 | _a9783834901972 | ||
| 040 | _cGE_BSU | ||
| 041 | _aeng | ||
| 080 | _a005+339+811.112 S-31 | ||
| 100 |
_aSchmitt, Ir. _912716 |
||
| 245 |
_aPraxishandbuch Event Management - Das A-Z der perfekten Veranstaltungsorganisation - Mit zahlreichen Checklisten und Mustervorlagen / _cIr. Schmitt. |
||
| 250 | _a2 Auflage | ||
| 264 |
_aBamberg : _bGabler, _c2006. |
||
| 300 |
_a249 p. ; _c25 cm. |
||
| 541 | _h161 Gel. | ||
| 653 | _aPraxishandbuch Event Management - Das A-Z der perfekten Veranstaltungsorganisation - Mit zahlreichen Checklisten und Mustervorlagen | ||
| 653 | _aვაჭრობა | ||
| 653 | _aმენეჯმენტი | ||
| 653 | _aმართვა | ||
| 942 |
_cBK _2udc |
||